<?xml version="1.0" encoding="UTF-8"?><?xml-stylesheet type="text/xsl" href="static/style.xsl"?><OAI-PMH xmlns="http://www.openarchives.org/OAI/2.0/" xmlns:xsi="http://www.w3.org/2001/XMLSchema-instance" xsi:schemaLocation="http://www.openarchives.org/OAI/2.0/ http://www.openarchives.org/OAI/2.0/OAI-PMH.xsd"><responseDate>2026-04-13T18:05:05Z</responseDate><request verb="GetRecord" identifier="oai:www.recercat.cat:2072/485920" metadataPrefix="marc">https://recercat.cat/oai/request</request><GetRecord><record><header><identifier>oai:recercat.cat:2072/485920</identifier><datestamp>2025-08-31T18:26:44Z</datestamp><setSpec>com_2072_98</setSpec><setSpec>col_2072_378192</setSpec></header><metadata><record xmlns="http://www.loc.gov/MARC21/slim" xmlns:dcterms="http://purl.org/dc/terms/" xmlns:xsi="http://www.w3.org/2001/XMLSchema-instance" xmlns:doc="http://www.lyncode.com/xoai" xsi:schemaLocation="http://www.loc.gov/MARC21/slim http://www.loc.gov/standards/marcxml/schema/MARC21slim.xsd">
   <leader>00925njm 22002777a 4500</leader>
   <datafield ind2=" " ind1=" " tag="042">
      <subfield code="a">dc</subfield>
   </datafield>
   <datafield ind2=" " ind1=" " tag="720">
      <subfield code="a">Rojas-Valenzuela, Tomás E.</subfield>
      <subfield code="e">author</subfield>
   </datafield>
   <datafield ind2=" " ind1=" " tag="720">
      <subfield code="a">Govers-López, Alex</subfield>
      <subfield code="e">author</subfield>
   </datafield>
   <datafield ind2=" " ind1=" " tag="720">
      <subfield code="a">Mansilla, José Antonio</subfield>
      <subfield code="e">author</subfield>
   </datafield>
   <datafield ind2=" " ind1=" " tag="260">
      <subfield code="c">2025</subfield>
   </datafield>
   <datafield ind2=" " ind1=" " tag="520">
      <subfield code="a">La ciudad de L'Hospitalet de Llobregat, ubicada en el Área Metropolitana de Barcelona (AMB), sufre y se aprovecha, a partes iguales, de su cercanía a la capital catalana. Su enclave, así como desarrollo histórico y económico, la ha convertido en un espacio de diversidad, desigualdad social y conflicto potencial. Tratada desde las perspectivas neoliberales de la gestión de la exclusión social como un laboratorio urbano, ha visto cómo diferentes combinaciones de políticas públicas vinculadas al emprendimiento urbano coincidían con otras de fomento de los lazos sociales y consolidación espacial más tradicionales. La aprobación de distintos planes, normativas, así como la puesta en marcha de dispositivos institucionales-administrativos para la gestión de esas políticas, han determinado una realidad urbana única en la región.</subfield>
   </datafield>
   <datafield ind2=" " ind1=" " tag="520">
      <subfield code="a">The city of L'Hospitalet de Llobregat, located in the Metropolitan Area of Barcelona (AMB), suffers and takes advantage, in equal measure, of its proximity to the capital of Catalonia. Its location, as well as its historical and economic development, has turned it into a space of diversity, social inequality and potential conflict. Treated, from the neoliberal perspectives of the management of social exclusion, as an urban laboratory, it has seen how different combinations of public policies linked to urban entrepreneurship coincided with others promoting social ties and more traditional spatial consolidation. The approval of different plans, regulations, as well as the implementation of institutional-administrative devices for the management of these policies, have determined a unique urban reality in the region.</subfield>
   </datafield>
   <datafield ind1="8" ind2=" " tag="024">
      <subfield code="a">http://hdl.handle.net/2072/485920</subfield>
   </datafield>
   <datafield tag="653" ind2=" " ind1=" ">
      <subfield code="a">Convivencia</subfield>
   </datafield>
   <datafield tag="653" ind2=" " ind1=" ">
      <subfield code="a">Normativas</subfield>
   </datafield>
   <datafield tag="653" ind2=" " ind1=" ">
      <subfield code="a">Ciudad</subfield>
   </datafield>
   <datafield tag="653" ind2=" " ind1=" ">
      <subfield code="a">Barrios</subfield>
   </datafield>
   <datafield tag="653" ind2=" " ind1=" ">
      <subfield code="a">Desigualdad</subfield>
   </datafield>
   <datafield tag="653" ind2=" " ind1=" ">
      <subfield code="a">Diversidad</subfield>
   </datafield>
   <datafield tag="653" ind2=" " ind1=" ">
      <subfield code="a">Coexistence</subfield>
   </datafield>
   <datafield tag="653" ind2=" " ind1=" ">
      <subfield code="a">Regulations</subfield>
   </datafield>
   <datafield tag="653" ind2=" " ind1=" ">
      <subfield code="a">City</subfield>
   </datafield>
   <datafield tag="653" ind2=" " ind1=" ">
      <subfield code="a">Neighborhoods</subfield>
   </datafield>
   <datafield tag="653" ind2=" " ind1=" ">
      <subfield code="a">Inequality</subfield>
   </datafield>
   <datafield tag="653" ind2=" " ind1=" ">
      <subfield code="a">Diversity</subfield>
   </datafield>
   <datafield ind2="0" ind1="0" tag="245">
      <subfield code="a">Ordenando la ciudad : dispositivos territoriales e intervenciones comunitarias en L'Hospitalet de Llobregat</subfield>
   </datafield>
</record></metadata></record></GetRecord></OAI-PMH>